Postharvest physiology of perishable plant products / (Record no. 11273)

000 -LEADER
fixed length control field 00453pam a2200169 a 4500
020 ## - INTERNATIONAL STANDARD BOOK NUMBER
ISBN 0442239122
040 ## - CATALOGING SOURCE
Transcribing agency DLC
082 00 - DEWEY DECIMAL CLASSIFICATION NUMBER
Classification number 631 REI 1991
100 1# - MAIN ENTRY--AUTHOR NAME
Personal name Kays, Stanley J.
245 10 - TITLE STATEMENT
Title Postharvest physiology of perishable plant products /
260 ## - PUBLICATION, DISTRIBUTION, ETC. (IMPRINT)
Place of publication New York :
Name of publisher Van Nostrand Reinhold,
Year of publication c1991.
300 ## - PHYSICAL DESCRIPTION
Number of Pages xi, 532 p. :
Other physical details ill. ;
Dimensions 27 cm.
500 ## - GENERAL NOTE
General note "An AVI book."
650 #0 - SUBJECT ADDED ENTRY--TOPICAL TERM
Topical Term Plant products
650 #0 - SUBJECT ADDED ENTRY--TOPICAL TERM
Topical Term Plant products
942 ## - ADDED ENTRY ELEMENTS (KOHA)
Koha item type ADB
952 ## - LOCATION AND ITEM INFORMATION (KOHA)
Withdrawn status [LOCAL, KOHA] 0
Holdings
Permanent Location Date acquired Koha item type Lost status Shelving location Barcode Current Location Full call number
Library Block A2017-07-25សៀវភៅភាសាអង់គ្លេស A036A11012Library Block A631 REI 1991 A036 Or.
មជ្ឈមណ្ឌលឯការនៃសាកលវិទ្យាល័យភូមិន្ទកសិកម្មចំការដូង

Powered by Koha